[Event "ROM-ch"]
[Site "Sarata Monteoru"]
[Date "2012.02.17"]
[Round "6"]
[White "Ionita, Ioan"]
[Black "Motounu, Vlad Stefan"]
[Result "0-1"]
[WhiteElo "1720"]
[BlackElo "1888"]
[PlyCount "182"]
[EventDate "2012.02.13"]
[EventType "swiss"]
[EventRounds "11"]
[EventCountry "ROU"]
[SourceTitle "CBM 147 Extra"]
[Source "ChessBase"]
[SourceDate "2012.04.24"]
[SourceVersion "1"]
[SourceVersionDate "2012.04.24"]
[SourceQuality "1"]

1. e4 e6 2. d4 d5 3. Nd2 c5 4. exd5 exd5 5. Ngf3 Nc6 6. Bb5 Bd6 7. dxc5 Bxc5 8. Nb3 Bb6 9. 0-0 Nge7 10. Re1 0-0 11. Be3 Bxe3 12. Rxe3 Nf5 13. Re1 a6 14. Bd3 Nh4 15. Nxh4 Qxh4 16. c3 Kh8 17. Be2 Qg5 18. Bf3 Be6 19. Nd4 Ne5 20. Be2 Ng6 21. Nf3 Qe7 22. Qd4 Rac8 23. Ne5 Nh4 24. Nf3 Nf5 25. Qd2 Qc5 26. Rad1 Nd6 27. Qd4 Qa5 28. a3 Nc4 29. Rb1 Rfe8 30. Bd3 Qc7 31. Ng5 h6 32. Nxe6 Rxe6 33. Rxe6 fxe6 34. Bxc4 Qxc4 35. Qxc4 Rxc4 36. Re1 Rc6 37. h4 Kg8 38. f3 Kf7 39. Kf2 b5 40. f4 Kf6 41. Kf3 a5 42. g4 Rc4 43. h5 b4 44. axb4 axb4 45. Re3 bxc3 46. bxc3 Ra4 47. Kg3 Ra1 48. Kf3 Ra3 49. Kf2 Rb3 50. Kf3 Rb6 51. Re5 Rb1 52. Re3 Rg1 53. Re2 Rh1 54. Kg3 Rf1 55. Re3 Kf7 56. Re2 Rd1 57. Re3 Rb1 58. Kf3 Rb3 59. Kf2 Rb8 60. Kf3 Rf8 61. Re5 Kf6 62. Ke3 Rc8 63. Kf3 Rxc3+ 64. Kf2 Rc6 65. Ke3 Ra6 66. Kd4 Ra3 67. g5+ hxg5 68. fxg5+ Kf7 69. g6+ Kf6 70. Re1 Rf3 71. Rg1 Rh3 72. Rf1+ Kg5 73. Re1 Rh4+ 74. Kc5 Re4 75. Rh1 Kh6 76. Kd6 d4 77. Rh3 Re3 78. Rh1 d3 79. Ke7 d2 80. Rd1 Re2 81. Kf7 e5 82. Ke6 e4 83. Ke5 e3 84. Ke4 Re1 85. Rxe1 dxe1Q 86. Kf3 Kxh5 87. Kg2 Kxg6 88. Kf3 Qf2+ 89. Kg4 e2 90. Kh3 e1B 91. Kg4 Qg3# 0-1

[Event "ROM-ch"]
[Site "Sarata Monteoru"]
[Date "2012.02.16"]
[Round "5"]
[White "Motounu, Vlad Stefan"]
[Black "Telea, Stefan"]
[Result "0-1"]
[WhiteElo "1888"]
[BlackElo "2112"]
[PlyCount "50"]
[EventDate "2012.02.13"]
[EventType "swiss"]
[EventRounds "11"]
[EventCountry "ROU"]
[SourceTitle "CBM 147 Extra"]
[Source "ChessBase"]
[SourceDate "2012.04.24"]
[SourceVersion "1"]
[SourceVersionDate "2012.04.24"]
[SourceQuality "1"]

1. d4 Nf6 2. Nf3 e6 3. c4 c5 4. Nc3 cxd4 5. Nxd4 a6 6. a3 d5 7. cxd5 Nxd5 8. e4 Nxc3 9. bxc3 e5 10. Nc2 Qc7 11. Bb2 Bc5 12. Nb4 Be6 13. Be2 0-0 14. 0-0 Rd8 15. Nd5 Qd6 16. Qc2 Nc6 17. Rfd1 Qf8 18. Rd3 Rd7 19. Rad1 Rad8 20. c4 Nd4 21. Bxd4 Bxd4 22. g4 Qc5 23. Bf1 Bxg4 24. Nf6+ gxf6 25. Rg3 Bxf2+ 0-1

[Event "ROM-ch"]
[Site "Sarata Monteoru"]
[Date "2012.02.15"]
[Round "4"]
[White "Mardan, Cristian"]
[Black "Motounu, Vlad Stefan"]
[Result "0-1"]
[WhiteElo "1556"]
[BlackElo "1888"]
[PlyCount "94"]
[EventDate "2012.02.13"]
[EventType "swiss"]
[EventRounds "11"]
[EventCountry "ROU"]
[SourceTitle "CBM 147 Extra"]
[Source "ChessBase"]
[SourceDate "2012.04.24"]
[SourceVersion "1"]
[SourceVersionDate "2012.04.24"]
[SourceQuality "1"]

1. Nf3 Nf6 2. b3 d5 3. Bb2 c5 4. e3 a6 5. d4 Nc6 6. Be2 Bf5 7. Nbd2 Nb4 8. 0-0 Bxc2 9. Qc1 Bd3 10. Bxd3 Nxd3 11. Qc3 Nxb2 12. Qxb2 e6 13. Rac1 b6 14. Ne5 Bd6 15. Nd3 Rc8 16. Rc2 0-0 17. Rfc1 Qe7 18. b4 c4 19. a3 a5 20. f3 Rc7 21. Nxc4 dxc4 22. Rxc4 Rxc4 23. Rxc4 axb4 24. axb4 Nd5 25. e4 b5 26. Rc6 Nxb4 27. Nxb4 Bxb4 28. Rb6 Rc8 29. Rxb5 Bc3 30. Rb8 Bxd4+ 31. Kf1 Bxb2 32. Rxc8+ Qf8 33. Rxf8+ Kxf8 34. Ke2 Ke7 35. f4 f5 36. e5 Bc1 37. Kf3 h5 38. h4 Kd7 39. g3 Kc6 40. Ke2 Kd5 41. Kd3 Ba3 42. Ke3 Bb4 43. Ke2 Ke4 44. Kf2 Kd3 45. Kf3 Be1 46. Kg2 Ke2 47. Kh3 Kf3 0-1

[Event "ROM-ch"]
[Site "Sarata Monteoru"]
[Date "2012.02.14"]
[Round "2"]
[White "Soare, Flavius Alexandru"]
[Black "Motounu, Vlad Stefan"]
[Result "0-1"]
[WhiteElo "1668"]
[BlackElo "1888"]
[PlyCount "100"]
[EventDate "2012.02.13"]
[EventType "swiss"]
[EventRounds "11"]
[EventCountry "ROU"]
[SourceTitle "CBM 147 Extra"]
[Source "ChessBase"]
[SourceDate "2012.04.24"]
[SourceVersion "1"]
[SourceVersionDate "2012.04.24"]
[SourceQuality "1"]

1. d4 Nf6 2. c4 g6 3. Nf3 Bg7 4. Nc3 0-0 5. e4 d6 6. Bd3 Nbd7 7. Bg5 c6 8. Qd2 Re8 9. Bh6 e5 10. Bxg7 Kxg7 11. d5 Nc5 12. h3 a5 13. 0-0 Nh5 14. Bc2 h6 15. Rfe1 Nf4 16. Ne2 g5 17. Nxf4 gxf4 18. Nh2 Rg8 19. Qe2 Qg5 20. Qf3 Kh8 21. Bd1 Bd7 22. Kh1 Rg6 23. Rg1 Rag8 24. g4 Qh4 25. Be2 Na6 26. Qg2 Qd8 27. f3 Nb4 28. Qf2 Nc2 29. Rac1 Nd4 30. b3 Qb6 31. Bf1 Qd8 32. Bg2 c5 33. Nf1 b5 34. Nd2 R8g7 35. Kh2 h5 36. Rh1 f5 37. exf5 Nxf5 38. Ne4 Ne3 39. Kg1 Kg8 40. g5 Rxg5 41. Nxg5 Rxg5 42. Rh2 Rg3 43. Kh1 Qh4 44. Rg1 Kf7 45. Bf1 b4 46. Rxg3 fxg3 47. Qxe3 gxh2 48. Kxh2 Qf4+ 49. Qxf4+ exf4 50. h4 Bf5 0-1

[Event "ROM-ch"]
[Site "Sarata Monteoru"]
[Date "2012.02.13"]
[Round "1"]
[White "Motounu, Vlad Stefan"]
[Black "Dobre, Claudiu Cristian"]
[Result "0-1"]
[WhiteElo "1888"]
[BlackElo "2354"]
[PlyCount "106"]
[EventDate "2012.02.13"]
[EventType "swiss"]
[EventRounds "11"]
[EventCountry "ROU"]
[SourceTitle "CBM 147 Extra"]
[Source "ChessBase"]
[SourceDate "2012.04.24"]
[SourceVersion "1"]
[SourceVersionDate "2012.04.24"]
[SourceQuality "1"]

1. d4 d5 2. Nf3 Nf6 3. c4 c6 4. Nc3 e6 5. Bg5 dxc4 6. e4 b5 7. Be2 Nbd7 8. 0-0 h6 9. Bh4 g5 10. Bg3 Bb7 11. Qc2 Be7 12. Rad1 Qb6 13. Ne5 Nxe5 14. Bxe5 0-0-0 15. b3 cxb3 16. axb3 a6 17. d5 Rd7 18. dxe6 Rxd1 19. Rxd1 fxe6 20. Bd6 Bxd6 21. Rxd6 Rd8 22. Rxe6 Qd4 23. h3 Re8 24. Rxe8+ Nxe8 25. Nd5 Kb8 26. Ne7 c5 27. Bf3 Nd6 28. Nf5 Qa1+ 29. Kh2 Qe5+ 30. Kg1 Bxe4 31. Bxe4 Qxe4 32. Qxc5 Nxf5 33. Qb6+ Qb7 34. Qf6 Qc8 35. Qe5+ Kb7 36. Qd5+ Kb6 37. g3 Ne7 38. Qd4+ Qc5 39. Qd8+ Qc7 40. Qd4+ Kb7 41. Qe4+ Nc6 42. Qe6 Qe7 43. Qd5 h5 44. Qf3 h4 45. g4 Qe1+ 46. Kg2 Qe5 47. Kg1 Kb6 48. Qd3 Nd4 49. Qg6+ Qe6 50. Qd3 Ne2+ 51. Kf1 Nf4 52. Qd8+ Kb7 53. Qxg5 Qe2+ 0-1

[Event "ROM-ch op"]
[Site "Sarata Monteoru"]
[Date "2011.02.18"]
[Round "9"]
[White "Motounu, Vlad Stefan"]
[Black "Dan, Silviu Aurelian"]
[Result "1-0"]
[WhiteElo "1888"]
[BlackElo "1971"]
[PlyCount "137"]
[EventDate "2011.02.12"]
[EventType "swiss"]
[EventRounds "11"]
[EventCountry "ROU"]
[SourceTitle "EXT 2013"]
[Source "ChessBase"]
[SourceDate "2012.11.22"]
[SourceVersion "1"]
[SourceVersionDate "2012.11.22"]
[SourceQuality "1"]

1. d4 Nf6 2. Nf3 e6 3. e3 c5 4. c3 Be7 5. Bd3 0-0 6. 0-0 cxd4 7. cxd4 Nc6 8. a3 b6 9. Nc3 Bb7 10. e4 d6 11. Be3 Rc8 12. Rc1 Ng4 13. Bd2 Nb8 14. Qb3 e5 15. Nd5 Nc6 16. Nxe7+ Nxe7 17. Bg5 exd4 18. Nxd4 Ne5 19. Nf5 N5g6 20. h4 Qd7 21. Bb5 Bc6 22. Bxe7 Bxb5 23. Bxf8 Bxf1 24. Rxc8 Qxc8 25. Bxd6 Qc1 26. Qc3 Qxc3 27. bxc3 Bd3 28. f3 a6 29. h5 Nf8 30. Ne7+ Kh8 31. Nd5 Nd7 32. Bc7 Bc4 33. Nxb6 Nxb6 34. Bxb6 Kg8 35. Bc5 f6 36. Kf2 Kf7 37. Ke3 Ke6 38. Kf4 g6 39. h6 Bd3 40. Ke3 Bf1 41. g3 Bb5 42. f4 f5 43. Kd4 fxe4 44. Kxe4 Bc6+ 45. Kd4 Bf3 46. Bb4 Kf5 47. c4 Ke6 48. Bf8 Kf7 49. Bd6 Ke6 50. Be5 Kd7 51. Bb8 Ke6 52. c5 Bc6 53. Kc4 Bb5+ 54. Kb4 Kd5 55. Ba7 Kc6 56. a4 Be2 57. Ka5 Kb7 58. Bb6 Bd1 59. Kb4 Kc6 60. Kc4 Bxa4 61. Kd4 Bc2 62. g4 Bd1 63. f5 Bc2 64. Ke5 a5 65. Bxa5 Kxc5 66. Ke6 Bb3+ 67. Ke7 gxf5 68. gxf5 Kd5 69. f6 1-0

[Event "ROM-ch op"]
[Site "Sarata Monteoru"]
[Date "2011.02.17"]
[Round "8"]
[White "Deac, Bogdan Daniel"]
[Black "Motounu, Vlad Stefan"]
[Result "1/2-1/2"]
[WhiteElo "1651"]
[BlackElo "1888"]
[PlyCount "117"]
[EventDate "2011.02.12"]
[EventType "swiss"]
[EventRounds "11"]
[EventCountry "ROU"]
[SourceTitle "EXT 2013"]
[Source "ChessBase"]
[SourceDate "2012.11.22"]
[SourceVersion "1"]
[SourceVersionDate "2012.11.22"]
[SourceQuality "1"]

1. e4 c5 2. Nf3 a6 3. d4 cxd4 4. Nxd4 b5 5. Be3 Bb7 6. f3 Nc6 7. Be2 Nf6 8. 0-0 e6 9. Kh1 d5 10. Nxc6 Bxc6 11. e5 Nd7 12. f4 Nb6 13. b3 Bb4 14. Qd4 Nc4 15. bxc4 bxc4 16. c3 Be7 17. Nd2 0-0 18. Nf3 Rb8 19. Qd2 Ba3 20. Nd4 Rb2 21. Qe1 Bd7 22. Bc1 Qa5 23. Bxb2 Bxb2 24. Rb1 Bxc3 25. Qf2 Qxa2 26. Nf3 Bb5 27. Rbc1 Qb2 28. Rfd1 Ba4 29. Rf1 Bb5 30. Rfd1 d4 31. Nxd4 Bxd4 32. Qxd4 Qxe2 33. Rd2 Qg4 34. h3 Qg3 35. Re2 Qa3 36. Ra1 Qe7 37. Rd1 h6 38. Red2 Rc8 39. Qd6 Qb7 40. Rc1 Qe4 41. Qd4 Qb7 42. Qd6 Ba4 43. Re2 c3 44. Qd4 Qc6 45. Ra2 Bb3 46. Ra3 Qb5 47. Rxc3 Rxc3 48. Qxc3 Qf1+ 49. Kh2 Qxf4+ 50. Qg3 Qxg3+ 51. Kxg3 Bc4 52. Rc3 Bb5 53. h4 g6 54. Kf4 Kg7 55. g4 Kf8 56. Rc7 Ke8 57. Ra7 Kf8 58. g5 hxg5+ 59. hxg5 1/2-1/2

[Event "ROM-ch op"]
[Site "Sarata Monteoru"]
[Date "2011.02.17"]
[Round "7"]
[White "Pop, Alexandru"]
[Black "Motounu, Vlad Stefan"]
[Result "1-0"]
[WhiteElo "2137"]
[BlackElo "1888"]
[PlyCount "37"]
[EventDate "2011.02.12"]
[EventType "swiss"]
[EventRounds "11"]
[EventCountry "ROU"]
[SourceTitle "CBM 140 Extra"]
[Source "ChessBase"]
[SourceDate "2011.03.01"]
[SourceVersion "1"]
[SourceVersionDate "2011.03.01"]
[SourceQuality "1"]

1. e4 c5 2. Nc3 a6 3. Nge2 b5 4. g3 Bb7 5. Bg2 Nf6 6. 0-0 e6 7. d3 Be7 8. e5 Nd5 9. Nxd5 Bxd5 10. Bxd5 exd5 11. d4 d6 12. exd6 Bxd6 13. dxc5 Bxc5 14. Nf4 d4 15. Qh5 Be7 16. Ne6 Qb6 17. Nxg7+ Kf8 18. Bh6 Kg8 19. Rae1 1-0

[Event "ROM-ch op"]
[Site "Sarata Monteoru"]
[Date "2011.02.14"]
[Round "4"]
[White "Motounu, Vlad Stefan"]
[Black "Palamar, Theodor"]
[Result "1-0"]
[WhiteElo "1888"]
[BlackElo "1772"]
[PlyCount "65"]
[EventDate "2011.02.12"]
[EventType "swiss"]
[EventRounds "11"]
[EventCountry "ROU"]
[SourceTitle "EXT 2013"]
[Source "ChessBase"]
[SourceDate "2012.11.22"]
[SourceVersion "1"]
[SourceVersionDate "2012.11.22"]
[SourceQuality "1"]

1. d4 Nf6 2. Nf3 g6 3. Nc3 d5 4. Bf4 Bg7 5. e3 c6 6. Be2 0-0 7. Ne5 Nfd7 8. h4 Nxe5 9. Bxe5 Bxe5 10. dxe5 Qc7 11. Qd4 Nd7 12. f4 Qb6 13. 0-0-0 e6 14. Qd2 Qb4 15. h5 Kg7 16. Qe1 Rg8 17. Qh4 Kf8 18. hxg6 hxg6 19. Qd8+ Kg7 20. Qg5 Kf8 21. Rh7 Qe7 22. Qh6+ Ke8 23. Rh1 Qf8 24. Qg5 b6 25. Bd3 Bb7 26. e4 Nc5 27. exd5 Nxd3+ 28. cxd3 exd5 29. e6 f6 30. Qh4 Rg7 31. Rh8 Rg8 32. Rxg8 Qxg8 33. Qxf6 1-0

[Event "ROM-ch U14 Boys"]
[Site "Voineasa"]
[Date "2008.04.18"]
[Round "9"]
[White "Motounu, Vlad Stefan"]
[Black "Pop, Alexandru"]
[Result "0-1"]
[WhiteElo "787"]
[BlackElo "956"]
[PlyCount "106"]
[EventDate "2008.04.08"]
[EventType "swiss"]
[EventRounds "9"]
[EventCountry "ROU"]
[SourceTitle "EXT 2013"]
[Source "ChessBase"]
[SourceDate "2012.11.22"]
[SourceVersion "1"]
[SourceVersionDate "2012.11.22"]
[SourceQuality "1"]

1. d4 Nf6 2. Nf3 e6 3. c4 Bb4+ 4. Bd2 Bxd2+ 5. Nbxd2 d5 6. e3 0-0 7. Be2 Nbd7 8. 0-0 c6 9. Qc2 Qe7 10. cxd5 exd5 11. Rfe1 Re8 12. Rac1 Ne4 13. a3 a5 14. Nb3 a4 15. Nbd2 Ndf6 16. Nxe4 Nxe4 17. Nd2 Bf5 18. Nxe4 Qxe4 19. Qxe4 Bxe4 20. Rc3 Kf8 21. b4 axb3 22. Rxb3 Reb8 23. Ra1 Ke7 24. Bd3 Bxd3 25. Rxd3 Ra4 26. Rb3 b5 27. Rc1 Kd6 28. h3 Rba8 29. Rcc3 Rc4 30. Kf1 Raa4 31. Ke2 Kc7 32. Kd2 Kb6 33. Ke2 Ka5 34. Kf3 Rxc3 35. Rxc3 Rc4 36. Rd3 Rc2 37. Kg3 Ka4 38. Kf3 Ra2 39. Rc3 Rxa3 40. Rxc6 b4 41. Rc8 Kb3 42. Rb8 Ra4 43. Ke2 Ka2 44. Kd2 b3 45. Kc3 Rc4+ 46. Kd2 b2 47. Ra8+ Kb3 48. Rb8+ Rb4 49. Rxb4+ Kxb4 50. Kc2 Ka3 51. Kb1 f5 52. g4 g6 53. f3 Kb3 0-1

[Event "ROM-ch U14 Boys"]
[Site "Voineasa"]
[Date "2008.04.15"]
[Round "5"]
[White "Motounu, Vlad Stefan"]
[Black "Dicu, Razvan Stefan"]
[Result "0-1"]
[WhiteElo "787"]
[BlackElo "1033"]
[PlyCount "78"]
[EventDate "2008.04.08"]
[EventType "swiss"]
[EventRounds "9"]
[EventCountry "ROU"]
[SourceTitle "EXT 2013"]
[Source "ChessBase"]
[SourceDate "2012.11.22"]
[SourceVersion "1"]
[SourceVersionDate "2012.11.22"]
[SourceQuality "1"]

1. d4 Nf6 2. Nf3 e6 3. e3 b6 4. c4 Bb7 5. Nbd2 c5 6. b3 Be7 7. Bb2 0-0 8. Bd3 Nc6 9. 0-0 d6 10. a3 Qc7 11. e4 e5 12. dxe5 dxe5 13. Qc2 Nh5 14. Nb1 Nd4 15. Nxd4 cxd4 16. Bc1 Qc6 17. f3 Qg6 18. b4 Bg5 19. Kh1 Bf4 20. Bxf4 Nxf4 21. Rf2 Rac8 22. Nd2 Bc6 23. Bf1 Bd7 24. g3 Nh5 25. Bg2 f5 26. Raf1 f4 27. gxf4 Rxf4 28. Re1 Rcf8 29. Nf1 Nf6 30. Kg1 Ng4 31. Rd2 Rxf3 32. Qa2 Rc3 33. Rc2 Rxc2 34. Qxc2 b5 35. cxb5 Bxb5 36. Qc5 Bxf1 37. Rxf1 Rxf1+ 38. Bxf1 Ne3+ 39. Kf2 Qf6+ 0-1

[Event "ROM-ch U14 Boys"]
[Site "Voineasa"]
[Date "2008.04.15"]
[Round "6"]
[White "Vasile, Claudiu Daniel"]
[Black "Motounu, Vlad Stefan"]
[Result "1-0"]
[WhiteElo "1788"]
[BlackElo "787"]
[PlyCount "55"]
[EventDate "2008.04.08"]
[EventType "swiss"]
[EventRounds "9"]
[EventCountry "ROU"]
[SourceTitle "EXT 2013"]
[Source "ChessBase"]
[SourceDate "2012.11.22"]
[SourceVersion "1"]
[SourceVersionDate "2012.11.22"]
[SourceQuality "1"]

1. e4 e5 2. Nf3 Nc6 3. d4 exd4 4. Bc4 d6 5. Nxd4 Nxd4 6. Qxd4 Nf6 7. Nc3 Be7 8. 0-0 Be6 9. Be3 0-0 10. h3 Nd7 11. f4 Bf6 12. Qd3 Nb6 13. Bb3 Bd7 14. Rad1 Bc6 15. Bd4 Re8 16. Kh1 Bxd4 17. Qxd4 Qd7 18. f5 Re5 19. f6 g6 20. Qe3 Rh5 21. Nd5 Nxd5 22. Bxd5 Kh8 23. Kh2 Bxd5 24. Rxd5 Rxd5 25. exd5 Re8 26. Qh6 Rg8 27. Rf4 Qe8 28. Qxh7+ 1-0

[Event "ROM-ch U14 Boys"]
[Site "Voineasa"]
[Date "2008.04.13"]
[Round "2"]
[White "Duda, Sergiu"]
[Black "Motounu, Vlad Stefan"]
[Result "1/2-1/2"]
[WhiteElo "602"]
[BlackElo "787"]
[PlyCount "80"]
[EventDate "2008.04.08"]
[EventType "swiss"]
[EventRounds "9"]
[EventCountry "ROU"]
[SourceTitle "EXT 2013"]
[Source "ChessBase"]
[SourceDate "2012.11.22"]
[SourceVersion "1"]
[SourceVersionDate "2012.11.22"]
[SourceQuality "1"]

1. e4 c5 2. Nf3 e6 3. d4 cxd4 4. Nxd4 Nc6 5. Be3 Nf6 6. Nc3 Bb4 7. Nxc6 bxc6 8. Bg5 h6 9. Bxf6 Qxf6 10. Qd3 0-0 11. Be2 Ba6 12. Qf3 Qxf3 13. Bxf3 d5 14. exd5 cxd5 15. 0-0-0 Bxc3 16. bxc3 Bc4 17. a3 Rab8 18. Kd2 Ba2 19. Ra1 Rb2 20. Be2 Rfb8 21. Bd3 R8b3 22. a4 Rb6 23. Rhe1 Kf8 24. Ke3 f6 25. Kd2 e5 26. f3 Ke7 27. Bb5 Bb3 28. Bd3 Bc4 29. Bxc4 dxc4 30. Re4 Rc6 31. Kc1 Rb7 32. Rb1 Rxb1+ 33. Kxb1 Ke6 34. g4 g6 35. Kc1 Kd5 36. Kb2 f5 37. gxf5 gxf5 38. Rh4 Rg6 39. Ka3 e4 40. fxe4+ fxe4 1/2-1/2